<?xml version="1.0" encoding="UTF-8"?>
<collection xmlns="http://www.loc.gov/MARC21/slim">
 <record>
  <leader>01283pam a22002778a 4500</leader>
  <controlfield tag="001">00032784</controlfield>
  <controlfield tag="005">20181227151206.0</controlfield>
  <controlfield tag="008">141126s2014                  ||||||Viesd</controlfield>
  <datafield tag="020" ind1="#" ind2="#">
   <subfield code="c">0</subfield>
  </datafield>
  <datafield tag="041" ind1="0" ind2="#">
   <subfield code="a">Vie</subfield>
  </datafield>
  <datafield tag="082" ind1="1" ind2="4">
   <subfield code="a">895.922 803</subfield>
   <subfield code="b">Đ300V</subfield>
  </datafield>
  <datafield tag="110" ind1="1" ind2="#">
   <subfield code="a">Ban Tuyên giáo Tỉnh Ủy Đồng Tháp</subfield>
  </datafield>
  <datafield tag="245" ind1="0" ind2="0">
   <subfield code="a">Đi vinh quang ở anh dũng</subfield>
   <subfield code="b">Hồi ký 100 ngày tập kết chuyển quân tại Cao Lãnh (1954)</subfield>
   <subfield code="c">Ban Tuyên giáo Tỉnh Ủy Đồng Tháp</subfield>
  </datafield>
  <datafield tag="260" ind1="#" ind2="#">
   <subfield code="a">T.P. Hồ Chí Minh</subfield>
   <subfield code="b">Trẻ</subfield>
   <subfield code="c">2014</subfield>
  </datafield>
  <datafield tag="300" ind1="#" ind2="#">
   <subfield code="a">541 tr.</subfield>
   <subfield code="c">29 cm.</subfield>
   <subfield code="b">ảnh chân dung, minh họa</subfield>
  </datafield>
  <datafield tag="541" ind1="#" ind2="#">
   <subfield code="a">tặng</subfield>
  </datafield>
  <datafield tag="653" ind1="#" ind2="#">
   <subfield code="a">Cao Lãnh</subfield>
  </datafield>
  <datafield tag="653" ind1="#" ind2="#">
   <subfield code="a">Đồng Tháp</subfield>
  </datafield>
  <datafield tag="653" ind1="#" ind2="#">
   <subfield code="a">Văn học Việt Nam</subfield>
  </datafield>
  <datafield tag="653" ind1="#" ind2="#">
   <subfield code="a">Tập kết chuyển quân</subfield>
  </datafield>
  <datafield tag="653" ind1="#" ind2="#">
   <subfield code="a">Hồi ký</subfield>
  </datafield>
  <datafield tag="852" ind1="#" ind2="#">
   <subfield code="b">Kho đọc</subfield>
   <subfield code="j">KD.0016293</subfield>
  </datafield>
  <datafield tag="852" ind1="#" ind2="#">
   <subfield code="b">Kho mượn</subfield>
   <subfield code="j">KM.0017724, KM.0017725, KM.0017726, KM.0017727, KM.0017728, KM.0017729, KM.0017730, KM.0017731, KM.0017732, KM.0017733, KM.0017734, KM.0017735</subfield>
  </datafield>
  <datafield tag="852" ind1="#" ind2="#">
   <subfield code="j">KM.0017727</subfield>
   <subfield code="j">KM.0017728</subfield>
   <subfield code="j">KM.0017730</subfield>
   <subfield code="j">KM.0017731</subfield>
   <subfield code="j">KM.0017735</subfield>
   <subfield code="j">KD.0016293</subfield>
   <subfield code="j">KM.0017724</subfield>
   <subfield code="j">KM.0017733</subfield>
   <subfield code="j">KM.0017734</subfield>
   <subfield code="j">KM.0017725</subfield>
   <subfield code="j">KM.0017726</subfield>
   <subfield code="j">KM.0017729</subfield>
   <subfield code="j">KM.0017732</subfield>
  </datafield>
  <datafield tag="910" ind1="#" ind2="#">
   <subfield code="d">26/11/2014</subfield>
  </datafield>
  <datafield tag="980" ind1="#" ind2="#">
   <subfield code="a">Trung tâm Học liệu Lê Vũ Hùng, Trường Đại học Đồng Tháp</subfield>
  </datafield>
 </record>
</collection>
